[Event "Jakarta m"]
[Site "Jakarta"]
[Date "1997.11.22"]
[Round "3"]
[White "Adianto, Utut"]
[Black "Karpov, Anatoly"]
[Result "1-0"]
[WhiteElo "2610"]
[BlackElo "2745"]
[Annotator "Ftacnik,L"]
[PlyCount "121"]
[EventDate "1997.11.22"]
[EventType "match"]
[EventRounds "2"]
[EventCountry "INA"]
[SourceTitle "CBM 063"]
[Source "ChessBase"]
[SourceDate "1998.03.26"]
[SourceVersion "1"]
[SourceVersionDate "1998.03.26"]
[SourceQuality "1"]

1. d4 {Baburin} Nf6 2. c4 e6 3. Nc3 Bb4 4. Qc2 O-O 5. a3 Bxc3+ 6. Qxc3 b6 7.
Bg5 Bb7 8. e3 d6 9. f3 Nbd7 10. Bd3 c5 11. Ne2 Rc8 12. Qb3 {Baburin: Usually a
similar position arises when Black has ...h6 and Bh4 included. White's
treatment of the positional threat of ...cxd4, ...Ba6 and ...d5 is rather rare,
as usually White plays Qd2 or b2-b4 is such positions. However, in this game
White's idea worked well .} (12. Qd2) 12... d5 (12... h6 13. Bh4 d5 (13... cxd4
14. exd4 e5 $5 15. Bf5 g5 $132 {Razuvaev,Y}) 14. cxd5 (14. O-O $2 Ba6 15. Rac1
b5) 14... Bxd5 15. Qd1 (15. Qa4 Bc6 (15... cxd4 16. exd4 Qc7 17. Bg3 Qc6 $13 {
/\} 18. Bb5 $2 Qc2 19. Bxd7 $2 Bb3) 16. Qd1 b5 17. O-O Qb6 18. Rc1 Bb7 19. Bb1
cxd4 20. Qxd4 Qxd4 21. Nxd4 a6 22. Bxf6 {1/2-1/2 Hoffmann,M-De Firmian,N/Biel
op 1994/}) 15... cxd4 16. Nxd4 Bc4 (16... Nc5 $6 17. Bc2 e5 18. Nf5 $16) 17.
O-O a6 $6 (17... Qe7 $14) 18. Rc1 b5 $6 19. Bxc4 Rxc4 20. Rxc4 bxc4 21. Qa4 $16
{1/2-1/2 Sokolov,I-Georgiev,K/Burgas/1992/ (31)}) 13. cxd5 Bxd5 14. Qa4 (14.
Qd1 $5) 14... cxd4 15. exd4 Bc6 (15... Qc7 16. Bf4 Qc6 17. Bb5 Qc2 18. Bxd7 Bb3
19. Qxa7 $14) 16. Qd1 b5 17. O-O Qb6 18. Rc1 Nd5 (18... a5 19. Kh1 b4 20. Qe1
$14) 19. Kh1 a5 20. Qe1 $1 {[%cal Ye1g3] Adianto correctly sees, that black's
counterplay has to be met with attack against somewhat abbandoned kingside.} (
20. Bb1 b4 21. Qd3 f5 $11) 20... b4 21. Qh4 f5 $8 (21... h6 $2 22. Bxh6 gxh6
23. Qxh6 N5f6 (23... f5 24. Qxe6+ Kg7 25. Ng3 $18) 24. Nf4 $1 Qxd4 25. Rc4 Qxb2
26. Nh5 Ne4 27. Bxe4 $18) (21... N7f6 22. Rc5 $1 h6 (22... Bb7 23. Rxd5 Bxd5
24. Bxf6 $18) 23. Bxh6 gxh6 24. Qxh6 Ba8 25. Ng3 $18) 22. Qg3 Kf7 (22... N7f6
23. Rfe1 {xe6}) ({Baburin: Black cannot exchange the light-squared bishops by} 
22... Bb5 $2 {Baburin because of} 23. Bh6 $18) 23. Nf4 Nxf4 (23... Qxd4 24. Ba6
Nxf4 25. Bxf4 e5 26. Bg5 Rc7 27. Rfd1 Qxb2 28. Bc4+ Ke8 29. Rc2 $1 Qxc2 30.
Qxe5+ Nxe5 31. Rd8#) 24. Bxf4 Bd5 25. Bd6 Rfe8 (25... Rxc1 $2 26. Rxc1 Rd8 27.
Qg5 $18) (25... Rg8 $5 $14) 26. axb4 axb4 27. Bc7 $1 {The bishops are
unpleasant enemies in half opened positions in case they get enough space for
activity. Karpov will be hard pressed to avoid the worst. Baburin: White is
invading along the c-file.} Qb7 (27... Qxd4 28. Bb5 Bb3 (28... Bb7 29. Rcd1 Qf6
30. Bxd7 $18) 29. f4 Re7 30. Be5 (30. Bxd7 Rxd7 31. Be5 Rxc1 32. Qxg7+ Ke8 33.
Qh8+ Ke7 34. Qxh7+ Kf8 35. Qh8+ Ke7 36. Qh4+ Ke8 37. Rxc1 Qd1+ 38. Qe1 Qxe1+
39. Rxe1 Rd1 $14) 30... Nxe5 31. Rxc8 $18) 28. Qd6 Nb8 (28... Nf6 29. Ba6 $18)
29. Rc5 Re7 (29... Nc6 30. Rxd5 Re7 (30... exd5 31. Qxd5+ Re6 32. Bc4 Nd8 33.
Qd7+ Kg6 34. Bxe6 Rxc7 35. Qxd8 $18) 31. Rxf5+ exf5 32. Qd5+ Kf8 33. Bd6 g6 34.
Re1 $18) 30. Bxb8 Rxb8 (30... Qxb8 31. Rxd5 $1 exd5 32. Qxd5+ Kf8 33. Qxf5+ Rf7
34. Qxh7 $18) 31. Rfc1 {Baburin: White restrains himself from winning some
material, preferring to attack along the open c-file.} (31. Rb5 $1 Qxb5 32.
Bxb5 Rxb5 33. Rc1 $16 (33. Ra1 {Baburin Black would have only slim chances to
hold his fortress.})) 31... Qb6 32. Qe5 (32. Rxd5 $2 exd5 33. Qxd5+ Qe6 34.
Qxe6+ Kxe6 35. Re1+ Kf7 36. Rxe7+ Kxe7 37. Bxf5 Rd8 $15) 32... Rd8 (32... Ba8
$2 33. Rb5 $18) 33. Bxf5 exf5 34. Qxf5+ Qf6 (34... Kg8 35. Rxd5 Rde8 36. h3 Qb8
37. Re5 $1 Rxe5 38. dxe5 Qxe5 39. Qxe5 Rxe5 40. Rc8+ Kf7 41. Rb8 $18) 35. Rxd5
Qxf5 36. Rxf5+ Kg6 37. Rb5 (37. g4 h6 38. Rc6+ Kh7 39. Re5 Red7 40. Kg2 Rxd4
41. Kf2 $16) 37... Rxd4 38. Rb6+ Kf7 39. h3 Re2 40. Rb7+ Re7 (40... Kf8 41.
Rc8+ Re8 42. Rcc7 $18) 41. Rb5 Re2 42. b3 Re3 43. Kh2 $1 {The endgame with
four rooks plays into white hands, not only is b4 pawn very weak but black
must always worry about the safety of his king.} h5 (43... Rxb3 44. Rc7+ Kf6
45. Rb6+ Ke5 46. Rxg7 $18) 44. Rb7+ Re7 (44... Kg6 45. Rc6+ Kh7 46. Rcc7 Rxb3
47. Rxg7+ Kh6 48. Rge7 $16) 45. Rb6 Re3 46. Rc7+ Re7 47. Rc4 $1 Rxc4 (47... Rd2
48. Rc5 Re3 49. Rf5+ Ke7 50. Rxb4 $18) 48. bxc4 Re2 49. Rxb4 Rc2 50. h4 (50.
Kg3 h4+ 51. Kxh4 Rxg2 52. Rb6 $18) 50... g6 51. Kg3 Kf6 52. Rb6+ Kf7 (52... Kf5
53. Rc6 Rc1 54. Rc5+ Ke6 55. Kf4 Kd6 56. Rg5 Rxc4+ 57. Kg3 $18) 53. Rc6 {
Two pawns should be quite enough to win this game.} Kg7 54. Rc8 Kf6 55. c5 Kg7
56. c6 Kf6 57. Kf4 Kg7 (57... Rxg2 58. c7 Rc2 59. Rf8+ $18) (57... Rc4+ 58. Ke3
Ke7 59. Kd3 Rxh4 60. Rg8 Kd6 61. Rxg6+ Kc7 62. Ke3 $18) 58. Ke5 Re2+ 59. Kd6
Rd2+ 60. Kc7 Rxg2 61. Rd8 (61. Rd8 Kf7 62. Kc8 Ke7 63. c7 Rb2 64. Rd7+ Ke8 65.
Rd5 Ke7 66. Re5+ Kd6 67. Kd8 Kxe5 68. c8=Q $18) 1-0

[Event "Noviki-A"]
[Site "Budapest"]
[Date "1990.??.??"]
[Round "9"]
[White "Horvath, Csaba"]
[Black "Lau, Ralf"]
[Result "1-0"]
[WhiteElo "2460"]
[BlackElo "2460"]
[Annotator "Ftacnik,L"]
[PlyCount "57"]
[EventDate "1990.??.??"]
[EventType "tourn"]
[EventRounds "11"]
[EventCountry "HUN"]
[EventCategory "9"]
[SourceTitle "CBM 019"]
[Source "ChessBase"]
[SourceDate "1990.12.01"]
[SourceVersion "1"]
[SourceVersionDate "1990.12.01"]
[SourceQuality "1"]

1. d4 Nf6 2. c4 e6 3. Nc3 Bb4 4. Qc2 d6 5. Nf3 O-O 6. g3 (6. a3 Bxc3+ 7. Qxc3
b6 8. g3 Bb7 9. Bg2 Nbd7 10. O-O c5 11. Rd1 Qe7 12. b3 cxd4 13. Nxd4 Bxg2 14.
Kxg2 Rfc8 15. Qf3 Ne5 $10 {Gavrikov,V-Kosten,A/Palma GMA-op/1989/ ->TD89_13})
6... b6 7. Bg2 Bb7 8. O-O Bxc3 (8... Nbd7 9. b3 Bxc3 10. Qxc3) 9. Qxc3 Nbd7 10.
Rd1 Qe7 11. b3 Rfd8 (11... c5 12. dxc5 Nxc5 (12... dxc5 13. Bf4 $1) 13. Bb2 $14
) 12. Bb2 c5 13. Rac1 Rac8 14. Qe3 cxd4 15. Qxd4 Nc5 16. Qh4 Nce4 17. Nd2 (17.
Ng5 Nxg5 18. Qxg5 Bxg2 19. Bxf6 Qxf6 20. Qxf6 gxf6 21. Kxg2 $14) 17... Rc7 (
17... Nxd2 18. Bxf6 gxf6 19. Bxb7 Qxb7 20. Rxd2 $16) 18. Nxe4 Nxe4 19. Qxe7
Rxe7 20. Rd4 f5 21. Rcd1 Red7 22. g4 $1 e5 $2 (22... g6) 23. R4d3 fxg4 (23...
Nc5 24. Bxb7 Nxb7 (24... Nxd3 25. Bd5+ $18) 25. gxf5) 24. Bxe5 $1 Bc6 $6 (24...
Re8 $16) 25. Bxd6 Rxd6 26. Bxe4 Rxd3 27. Rxd3 Rc8 28. Bf5 Re8 29. Bxg4 {
Ftacnik,L} 1-0

[Event "Hoogovens op"]
[Site "Wijk aan Zee"]
[Date "1993.01.??"]
[Round "5"]
[White "Sokolov, Ivan"]
[Black "Van der Wiel, John"]
[Result "0-1"]
[WhiteElo "2640"]
[BlackElo "2555"]
[Annotator "Ftacnik,L"]
[PlyCount "66"]
[EventDate "1993.01.??"]
[EventType "swiss"]
[EventRounds "12"]
[EventCountry "NED"]
[SourceTitle "CBM 034"]
[Source "ChessBase"]
[SourceDate "1993.06.01"]
[SourceVersion "1"]
[SourceVersionDate "1993.06.01"]
[SourceQuality "1"]

1. d4 e6 2. c4 Nf6 3. Nc3 Bb4 4. Qc2 O-O 5. a3 Bxc3+ 6. Qxc3 b6 7. Nf3 Bb7 8.
e3 d6 9. Be2 Nbd7 10. O-O Ne4 11. Qc2 f5 12. b4 Qf6 $5 (12... Ndf6) (12... Qe8)
13. Bb2 (13. Ne1 $5 {/\f3}) 13... Qh6 14. d5 $1 Rae8 (14... e5 15. Nd2 $14) 15.
Qa4 $1 (15. Nd4 exd5 16. cxd5 Bxd5 17. Qxc7 Ne5 $13) 15... Re7 (15... Ndf6 16.
Qxa7 $1 Ng4 17. Qxb7 Ng5 18. h3 Nxh3+ 19. gxh3 Qxh3 20. dxe6 Rxe6 21. Qd5 $18)
16. Nd4 (16. Qxa7 Ndc5 $1 17. bxc5 Nxc5 {/\Ra8}) (16. dxe6 Ndf6 $13) 16... e5 (
16... exd5 17. Qxa7 Ndc5 18. bxc5 Nxc5 19. Bf3 Ra8 20. Qxb7 Nxb7 21. Bxd5+ Kh8
22. Nxf5 $18) 17. Ne6 Rf6 (17... Rxe6 18. dxe6 Qxe6 19. f3 Nd2 20. Rf2 $16) 18.
f4 (18. Qxa7 Rg6 19. Kh1 $6 Rexe6 20. dxe6 (20. Qxb7 Rxg2 21. Kxg2 Rg6+ 22. Kh1
Qh3 $19) 20... Qh3 $1 21. Bf3 Rxg2 22. Bxg2 Ng3+ $19) 18... Rg6 19. Qxa7 $6 (
19. Rf3 Nd2 20. Qxa7 Nxf3+ 21. Bxf3 e4 22. Bxe4 fxe4 23. Qxb7 Qh3 24. Qc8+ Kf7
25. Nd8+ (25. Ng5+ Rxg5 26. fxg5 Qxe3+ 27. Kh1 Qf2 $17) 25... Kf8 26. Ne6+ $10)
(19. Bf3 Nd2 20. Rf2 Nxf3+ 21. Rxf3 a6 (21... Rgxe6 $5 22. Qxa7 Rg6 23. Qxb7
exf4 24. Rxf4 $1 $40) 22. Qc2 e4 23. Rg3 $14) 19... Rxg2+ $1 (19... Rexe6 20.
Bf3 $1 Nd2 21. Qxb7 $16) 20. Kxg2 Rxe6 21. Rf3 $2 (21. Qxb7 Rg6+ 22. Kh1 Qh3
$19) (21. dxe6 $8 Qg6+ 22. Kh3 Qh6+ (22... Nec5 $2 23. Qxb7 Nxb7 24. exd7 $18)
23. Kg2 $10) 21... Rg6+ 22. Rg3 (22. Kh1 Qh3 $1 23. Rg1 Qxf3+ 24. Bxf3 Nf2#)
22... Nxg3 (22... Qh4 $5 23. Rxg6 Qf2+ 24. Kh1 hxg6 $40) 23. hxg3 exf4 24. g4 (
24. exf4 Qxf4 25. g4 Rh6 $1 26. Rh1 Qe4+ 27. Bf3 Qc2+ 28. Kg3 f4+ 29. Kxf4 Qxb2
$19) 24... fxg4 (24... f3+ $1 $19) 25. exf4 Qh3+ 26. Kf2 g3+ 27. Ke3 g2+ 28.
Kd2 g1=Q 29. Rxg1 Rxg1 30. Qxb7 Qg3 31. Bd3 (31. Qc8+ Nf8 32. Qe8 Qe1+ 33. Kc2
Rg2 $19) 31... Qe1+ 32. Kc2 Rg2+ 33. Kb3 Qd1+ 0-1

[Event "Tilburg Fontys"]
[Site "Tilburg"]
[Date "1997.10.08"]
[Round "10"]
[White "Shirov, Alexei"]
[Black "Onischuk, Alexander"]
[Result "1-0"]
[WhiteElo "2700"]
[BlackElo "2625"]
[Annotator "Ftacnik,L"]
[PlyCount "99"]
[EventDate "1997.09.27"]
[EventType "tourn"]
[EventRounds "11"]
[EventCountry "NED"]
[EventCategory "17"]
[SourceTitle "CBM 061"]
[Source "ChessBase"]
[SourceDate "1997.11.23"]
[SourceVersion "1"]
[SourceVersionDate "1997.11.23"]
[SourceQuality "1"]

1. d4 Nf6 2. c4 e6 3. Nc3 Bb4 4. Qc2 O-O 5. a3 Bxc3+ 6. Qxc3 b6 7. Bg5 Bb7 8.
e3 d6 9. Nf3 Nbd7 10. Nd2 c5 (10... e5) 11. f3 cxd4 (11... Rc8 12. dxc5 Rxc5
13. Bh4 (13. Bf4 $6 Nd5 $1 $36) 13... d5 14. b4 Rc8 15. Qb2 Qc7 16. Bg3 (16.
Be2 Qe5 $1 17. Qxe5 Nxe5 $36) 16... e5 17. Be2 Nh5 18. Bf2 d4 (18... dxc4 19.
Nxc4 Bd5 20. Nd2 f5 21. O-O Qc3 22. Qxc3 Rxc3 23. Rfd1 Nhf6 24. Ba6 {1/2-1/2
Hillarp Persson,T-Petursson,M/Aruna 1997/}) (18... dxc4 $5) 19. O-O dxe3 20.
Bxe3 Nf4 21. Bxf4 (21. Rfe1 $5) 21... exf4 22. Nb3 Rfe8 23. Rfd1 Re3 24. Rd2
Qe5 (24... Rce8 $5 25. Rad1 Nf8 26. Nd4 Qe5 $132) 25. Rad1 Qxb2 26. Rxb2 Nf6 (
26... Ne5 27. c5 $16) 27. a4 Rce8 28. Bf1 {1-0 Chekhov,V-Onischuk,A/BL2-N 1996/
(38)}) (11... h6 12. Bh4 Rc8 13. dxc5 Nxc5 14. b4 Ncd7 15. Qd4 Qc7 16. Be2 d5
17. O-O Qe5 18. Qxe5 Nxe5 19. Rfc1 dxc4 20. Nxc4 Nxc4 21. Bxc4 Nd5 22. e4 Ne3
23. Bb3 Ba6 24. Bf2 Nc4 {1/2-1/2 Chekhov,V-Wojtkiewicz,A/POL-chT Lubniewice
1995/ (30)}) 12. Qxd4 Qc7 13. Be2 e5 14. Qd3 d5 (14... Nc5 15. Qc3 Ne8 16. O-O
Ne6 17. Bh4 Rc8 18. Rad1 f5 $13) 15. O-O Rac8 (15... dxc4 16. Nxc4 (16. Qxc4
Rac8 17. Rac1 $14) 16... e4 17. Qd6 $14) 16. Rac1 h6 17. Bh4 dxc4 (17... Ba6
18. b4 Rfd8 19. Qf5 $14) 18. Nxc4 Bd5 $6 (18... e4 19. Qd6 exf3 20. gxf3 Ba6 (
20... Rfe8 $2 21. Qxc7 Rxc7 22. Nd6 $1 Rxc1 23. Rxc1 Rxe3 24. Kf2 $16) 21. Rfd1
$14) (18... Rfd8 $5 19. Qd6 Ba6) 19. e4 $1 Bxc4 20. Qxc4 Qxc4 (20... Qb8 21.
Qb5 $16) 21. Bxc4 Rfd8 22. Rfd1 Nf8 (22... Kf8 23. Kf2 Ke7 24. Ke3 $16) 23.
Rxd8 Rxd8 24. Bg3 (24. Bxf6 gxf6 25. Bd5 Rd7 $14) 24... Ng6 (24... N8d7 25. Bb5
Kf8 26. Rc7 $16) 25. Be1 Ne8 (25... Nf4 26. g3 $16) 26. g3 Ne7 (26... Nd6 27.
Rd1 Rc8 28. Ba6 Rc6 29. Bb4 $16) 27. Bb4 Rd7 (27... Nc6 $2 28. Bxf7+ Kxf7 29.
Rxc6 $18) 28. Bb5 Rc7 29. Rxc7 (29. Rd1 Nc6 30. Bxc6 Rxc6 31. Rd8 Re6 32. Kf2
$14) 29... Nxc7 30. Bd7 $1 {Two bishops in the open position are much better
than the knights. Zwei Laufer sind in offener Stellung dem Springern klar
uberlegend.} (30. Bxe7 $2 Nxb5 31. Kf2 f6 $11) 30... Ng6 (30... Kf8 $2 31. Bd6
$18) 31. Bd6 Ne6 (31... Nf8 32. Bc6 Nce6 33. Bxe5 $18) (31... Na6 $2 32. Bf5
Nc5 33. Bxg6 fxg6 34. Bxe5 $18) 32. Bb8 Nc5 (32... a6 33. Bc8 Nd4 34. Kf2 a5
35. Bc7 $18) 33. Bh3 (33. Bf5 $5 a6 34. Bxg6 Nd7 35. Bxf7+ Kxf7 36. Bc7 $16)
33... a5 (33... Nd3 34. Bxa7 Nxb2 35. Bxb6 $18) 34. Ba7 (34. Bc7 Na4 35. b4
axb4 36. axb4 b5 37. Bf5 Ne7 38. Bd7 $18) 34... Na4 35. b3 (35. b4 axb4 36.
axb4 Nf8 $14) 35... Nc5 36. b4 axb4 37. axb4 Na6 (37... Nd3 38. b5 $18) (37...
Na4 38. Bd7 $18) 38. b5 Nc7 39. Bd7 Kf8 (39... Nf8 40. Bc6 $18) 40. Bxb6 Ke7
41. Bc6 (41. Bxc7 Kxd7 42. Bb6 Nf8 43. Kf2 Ne6 44. Ke3 $18) 41... Kd6 (41...
Ne6 42. Kf2 Kd6 43. Bd5 $18) 42. Bxc7+ (42. Ba5 Ne7 43. Bb4+ Ke6 44. Bxe7 Kxe7
45. b6 Na6 46. Kf2 $18) 42... Kxc7 43. Be8 Nh8 (43... Kb6 44. Bxf7 Ne7 45. Be8
$18) 44. Kf2 Kd8 45. b6 $1 Kc8 (45... Kxe8 46. b7 $18) 46. Bc6 {White
dominates with his pieces even after the exchange of one bishop. Weiss
dominiert mit seinen Kraften sogar nach dem Laufer Umtausch.} Ng6 47. Ke3 Ne7
48. Bd5 Kb8 (48... Nxd5+ 49. exd5 Kb7 50. Ke4 f6 51. Kf5 Kxb6 52. d6 $18) 49.
Kd3 $1 (49. Bxf7 Kb7 $16) 49... Nc8 50. Kc4 (50. Kc4 Nxb6+ 51. Kc5 Na4+ 52. Kd6
f6 53. Ke7 Nc5 54. Kf7 Nd3 55. Kxg7 Ne1 56. Kxh6 Nxf3 57. h4 $18) 1-0

[Event "FIDE-Wch"]
[Site "NED/INA"]
[Date "1993.??.??"]
[Round "21"]
[White "Timman, Jan H"]
[Black "Karpov, Anatoly"]
[Result "1/2-1/2"]
[WhiteElo "2620"]
[BlackElo "2760"]
[Annotator "Ftacnik,L"]
[PlyCount "37"]
[EventDate "1993.09.??"]
[EventType "match"]
[EventRounds "21"]
[EventCountry "NED"]
[SourceTitle "CBM 036"]
[Source "ChessBase"]
[SourceDate "1993.10.01"]
[SourceVersion "1"]
[SourceVersionDate "1993.10.01"]
[SourceQuality "1"]

1. d4 Nf6 2. c4 e6 3. Nc3 Bb4 4. Qc2 O-O 5. a3 Bxc3+ 6. Qxc3 b6 7. Nf3 Bb7 8.
e3 d6 9. b3 Nbd7 10. Bb2 Qe7 (10... Ne4 11. Qc2 f5 12. Bd3 Qe7 (12... Ndf6 13.
O-O Qe7 14. Nd2 Nxd2 15. Qxd2 Ne4 $6 16. Qe2 c5 17. f3 Nf6 18. b4 Rac8 19. Rab1
Rc7 20. Rfd1 $14 {Bareev,E-Karpov,An/Linares/1993/0.5 (43)}) (12... Qe8 13. O-O
Qh5 14. d5 $5 exd5 15. Nd4 Ne5 16. Be2 Qg6 17. f3 Nc5 18. cxd5 Bxd5 19. Rad1
$44 {Bareev,E-Timman,J/Tilburg/1991/0-1 (59)}) (12... Ng5 13. d5 Nc5 14. b4
Nxd3+ 15. Qxd3 e5 16. Nd2 f4 17. exf4 Rxf4 18. h4 Nf7 19. g3 Rf6 20. Ne4 Rf5
21. Bc1 Qd7 22. g4 Rf4 23. Bxf4 exf4 24. Ng5 {Ree,H-Douven,R/Amsterdam OHRA-B/
1989/1-0 (25)}) 13. O-O Ng5 14. Nxg5 Qxg5 15. f4 Qg6 16. d5 exd5 17. Rf3 Rf7
18. Rg3 Qe6 19. cxd5 Bxd5 20. Qxc7 Nf6 21. Qc3 Rc8 22. Qd4 Bxb3 23. a4 Bc4 24.
Rc1 $14 {Vidarte_Morales,A-Solozhenkin,E/L'Hospitalet op (8)/1993/0-1 (40)}) (
10... a6 11. Be2 Ne4 12. Qc2 f5 13. O-O Ng5 14. Ne1 f4 $13 {Hulak,K-Van der
Wiel,J/Wijk aan Zee/1983/}) 11. Be2 c5 (11... Ne4 12. Qc2 f5 13. O-O Rae8 14.
Ne1 Qh4 15. d5 Ndf6 16. Rd1 Qh6 17. Bxf6 Qxf6 18. Bf3 Ng5 19. Bh5 Re7 20. f4
Ne4 21. Bf3 exd5 22. cxd5 Ba6 23. Nd3 Qc3 24. Qxc3 $17 {Savon,V-Gurevich,V/
URS-OT56 Uzhgorod/1988/0-1 (42)}) 12. O-O Rac8 13. Rad1 d5 $1 14. dxc5 (14.
cxd5 Nxd5 15. Qd2 Rfd8) 14... Nxc5 15. Qe5 Rfd8 (15... Ncd7 16. Qg3 Rfd8 17.
cxd5 Bxd5 18. Nd4 $14) 16. Nd4 Qf8 (16... Nfd7 $2 17. Nf5 $1 Qf8 18. Nh6+ Kh8
19. Qh5 $16) (16... Ncd7 17. Qg3 Ne4 18. Nf5 $1) 17. f3 dxc4 18. Bxc4 Bd5 $1
19. Bxd5 (19. Bxd5 Rxd5 20. Qg3 Rcd8 $36) 1/2-1/2

[Event "USA-ch"]
[Site "USA"]
[Date "1989.??.??"]
[Round "10"]
[White "Gulko, Boris F"]
[Black "De Firmian, Nick E"]
[Result "1-0"]
[WhiteElo "2610"]
[BlackElo "2595"]
[Annotator "Ftacnik,L"]
[PlyCount "61"]
[EventDate "1989.11.??"]
[EventType "tourn"]
[EventRounds "15"]
[EventCountry "USA"]
[EventCategory "12"]
[SourceTitle "CBM 019"]
[Source "ChessBase"]
[SourceDate "1990.12.01"]
[SourceVersion "1"]
[SourceVersionDate "1990.12.01"]
[SourceQuality "1"]

1. d4 Nf6 2. c4 e6 3. Nc3 Bb4 4. Qc2 O-O 5. a3 Bxc3+ 6. Qxc3 d6 7. Bg5 h6 8.
Bh4 Nbd7 9. e3 b6 10. Bd3 Bb7 11. f3 c5 12. Ne2 cxd4 $6 (12... Rc8 13. Qd2 cxd4
14. exd4 d5 15. cxd5 Bxd5 16. Ba6 $14 {Karpov,An-Hansen,C/Wijk aan Zee/1988/
->CBM 05}) 13. exd4 Rc8 14. b4 (14. Qd2 Ba6 15. Rc1 d5 16. b3 dxc4 17. bxc4 e5
18. O-O exd4 {Nikolic,Pr-Short,N/Tilburg/1988/ ->CBM 09}) 14... e5 (14... Ba6
$5 15. Qb3 d5 16. c5 Bxd3 17. Qxd3 bxc5 18. dxc5 $14) 15. O-O b5 16. c5 $1 (16.
Qb3 bxc4 17. Bxc4 Nb6 18. dxe5 dxe5 $10) 16... exd4 17. Nxd4 dxc5 18. Nf5 c4 $6
(18... cxb4 19. Qxb4 Rc5 $1 20. Rae1 $36) 19. Bc2 Bd5 20. Rad1 Be6 21. Rd6 $1
Re8 $6 (21... Rc7 $5) 22. Rfd1 Rc7 23. f4 $1 (23. Nxg7 Kxg7 24. f4 Qe7 25. f5
Bd5 26. R6xd5 Qe3+) 23... Bxf5 24. Bxf5 Qb8 $1 (24... Qa8 25. Bxd7 Ne4 26. Bxe8
Nxc3 27. Rd8 Rc8 28. Bc6+ Rxd8 29. Rxd8+ $18) (24... Ne4 25. Bxd8 Nxc3 26. Bxc7
Nxd1 27. Rxd1 $18) 25. Bxd7 Nxd7 26. Rxd7 Rxd7 27. Rxd7 Qxf4 28. Qf3 Qc1+ (
28... Qxf3 29. gxf3 Re3 30. Rxa7 Rxf3 31. Ra5 $1 c3 32. Rxb5 Rf4 33. Bf2 Rc4
34. Rc5 $18) 29. Qf1 Qe3+ 30. Bf2 Qxa3 31. Bd4 $1 {Ftacnik,L} (31. Bd4 Rf8 32.
Bc5 $18) 1-0

[Event "USA-ch"]
[Site "USA"]
[Date "1989.??.??"]
[Round "5"]
[White "Gulko, Boris F"]
[Black "Ivanov, Igor Vasilievich"]
[Result "1/2-1/2"]
[WhiteElo "2610"]
[BlackElo "2505"]
[Annotator "Ftacnik,L"]
[PlyCount "59"]
[EventDate "1989.11.??"]
[EventType "tourn"]
[EventRounds "15"]
[EventCountry "USA"]
[EventCategory "12"]
[SourceTitle "CBM 019"]
[Source "ChessBase"]
[SourceDate "1990.12.01"]
[SourceVersion "1"]
[SourceVersionDate "1990.12.01"]
[SourceQuality "1"]

1. d4 Nf6 2. c4 e6 3. Nc3 Bb4 4. Qc2 O-O 5. a3 Bxc3+ 6. Qxc3 b6 7. Bg5 Bb7 8.
f3 c5 9. dxc5 bxc5 10. Nh3 h6 11. Bh4 Nc6 12. O-O-O e5 $5 13. e3 (13. Bxf6 Qxf6
14. Rxd7 Bc8 $44) 13... Rb8 14. Bd3 $6 (14. Nf2 $5) 14... Ba6 $1 15. Nf2 g5 $2
(15... Qa5 $1 $13) 16. Bg3 Qb6 17. Ne4 (17. h4 $5 $40) 17... Nxe4 18. Bxe4 Nd4
$5 (18... Bxc4 19. Bxc6 dxc6 20. Bxe5 $18) 19. exd4 cxd4 20. c5 $1 Qe6 21. Qc2
Rfc8 22. Rhe1 $1 d6 23. Bf5 $2 (23. b4 dxc5 24. Bh7+ Kf8 25. Rxe5 $18) 23...
Qa2 $1 (23... Qd5 24. Bxc8 Rxc8 25. b4 $18) 24. Bxc8 Rxc8 25. c6 (25. b4 Qxa3+
26. Qb2 Qa4 27. Bxe5 dxc5 28. b5 Bxb5 $132) 25... Bb5 (25... d3 26. Qc3 Rxc6
27. Qxc6 Qa1+ 28. Kd2 Qxb2+ $10) 26. c7 d3 (26... Ba4 $5 27. b3 (27. Qxa4 Rxc7+
28. Kd2 Qxb2+ 29. Kd3 Rc3+ 30. Ke4 Qb7+ 31. Kf5 Qc8+ 32. Ke4 Qe6) 27... Rxc7
28. Qxc7 Bxb3 $40) 27. Qc3 Rxc7 28. Qxc7 Qa1+ 29. Kd2 Qxb2+ 30. Ke3 {Ftacnik,L}
1/2-1/2

[Event "Lazne Bohdanec"]
[Site "Lazne Bohdanec"]
[Date "1995.??.??"]
[Round "8"]
[White "Babula, Vlastimil"]
[Black "Votava, Jan"]
[Result "1-0"]
[WhiteElo "2530"]
[BlackElo "2395"]
[Annotator "Ftacnik,L"]
[PlyCount "77"]
[EventDate "1995.01.??"]
[EventType "tourn"]
[EventRounds "11"]
[EventCountry "CZE"]
[EventCategory "10"]
[SourceTitle "CBM 045"]
[Source "ChessBase"]
[SourceDate "1995.04.01"]
[SourceVersion "1"]
[SourceVersionDate "1995.04.01"]
[SourceQuality "1"]

1. d4 Nf6 2. c4 e6 3. Nc3 Bb4 4. Qc2 O-O 5. a3 Bxc3+ 6. Qxc3 b6 7. Bg5 c5 8.
dxc5 bxc5 9. e3 Bb7 (9... h6 10. Bh4 a5 11. Bd3 d6 12. Ne2 Nbd7 13. Rd1 Bb7 14.
O-O d5 15. cxd5 Nxd5 16. Bh7+ Kh8 17. Rxd5 Qxh4 18. Rxd7 Bc8 19. Rc7 Kxh7 20.
Rxc5 Ba6 21. Rc1 a4 22. Nd4 Kg8 23. Rc7 Qe4 24. f3 {Flear,G-Garcia Padron,J/
Fuerteventura/1992/1-0 (30)}) (9... d6 10. Bd3 Nbd7 11. Ne2 Bb7 12. O-O a5 13.
Qc2 $1 h6 14. Bh4 a4 15. Nc3 $14 Qb6 16. Rfd1 Qc6 17. Bf1 Rfb8 18. Bg3 Ne8 19.
Rd2 Nb6 20. f3 Rc8 21. e4 Ba6 22. Nd1 Rcb8 23. Ne3 Nc8 24. e5 $1 $16 {Foisor,
O-Smagin,S/Nimes/1991/1-0 (41)}) 10. f3 a5 (10... h6 11. Bh4 Nc6 $6 12. O-O-O
$1 Rc8 $2 13. Bxf6 gxf6 14. Kb1 $1 $16 d5 $6 15. cxd5 exd5 16. Qxc5 Ne5 17. Qd4
Qc7 18. Nh3 Qc2+ 19. Ka1 Nc6 20. Qg4+ Qg6 21. Qd7 $18 {Hjartarson,J-Speelman,J/
Reykjavik/1991/1-0 (27)}) 11. Bd3 d6 12. Ne2 Nbd7 13. O-O (13. Qc2 h6 14. Bf4
$5 d5 15. Bg3 Nb6 16. Rd1 Qe7 17. O-O dxc4 $6 18. Bxc4 Nxc4 19. Qxc4 Ba6 20.
Qc2 Nd5 21. Kf2 $1 Qg5 $5 22. Qd2 f5 23. Rfe1 Rfd8 24. Qc1 {Ljubojevic,
Lj-Speelman,J/Linares/1992/0-1 (44)}) 13... h6 14. Bh4 Ne5 (14... g5 $5 15. Bg3
Ne8 {/\ f5}) (14... Qb6 15. Rad1) 15. Bb1 $1 Ba6 $6 (15... Ra6 16. Ba2 Qa8 $13)
16. Ba2 $1 Ng6 17. Bg3 Qb6 (17... d5 18. Rfd1 Qe7 19. Qc2 $1 $14) 18. Rfd1 Rfd8
19. Rd2 e5 $6 (19... Ne8) 20. Rad1 Nf8 $2 (20... Ne8 21. Qc2 Rab8 22. Nc3 $16)
21. Bh4 $1 N8h7 (21... g5 22. Bf2 {xg5}) 22. Bb1 g6 23. f4 $1 Kg7 24. Ng3 Bb7 (
24... exf4 25. exf4 Bb7 26. Nh5+ $1 gxh5 27. Bxh7 $18) 25. fxe5 dxe5 26. Qxe5
Rxd2 27. Rxd2 Re8 28. Rd6 (28. Qc3 Qe6) 28... Rxe5 29. Rxb6 Bc8 (29... g5 30.
Nf5+ $18) 30. Nf1 Ne4 31. a4 $1 Be6 32. Bd3 g5 33. Be1 Nhf6 34. Bxa5 h5 35. Be1
h4 36. a5 h3 37. a6 hxg2 38. Kxg2 Bg4 39. a7 (39. a7 Re8 40. Rb8 $18) 1-0